000 00761nam a2200241Ia 4500
003 OSt
005 20220918194751.0
006 a|||||r|||| 00| 0
007 ta
008 220917b |||||||| |||| 00| 0 eng d
024 _a81,457
037 _cTextual
040 _aARTS
_cARTS
_beng
041 _2eng
_aeng
082 _aS:70W, J1
100 _aStanton Alfred H ed
_986956
245 0 _aPersonality and political crisis
_b new perspectives from social sdcience and psychiatives form social science and psychiatry for the study of war and politics
260 _c1951
650 _aPSYCHOLOGY
700 _a Perry Stewart E ed
_986957
942 _hS:70W, J1
_cTEXL
_2CC
999 _c205179
_d205179